the study on buffaloraising of farmer at thmeicommune, cheathborei district, kratie province (ការសិក្សាពីការចិញ្ចឹមក្របីជាលក្ខណៈគ្រួសាររបស់កសិករនៅក្នុងឃុំថ្ចី ស្រុកចិត្របុរី ខេត្តក្រចេះ) (Record no. 2556)

000 -LEADER
fixed length control field 00729nam a22001577a 4500
003 - CONTROL NUMBER IDENTIFIER
control field OSt
005 - DATE AND TIME OF LATEST TRANSACTION
control field 20151024095726.0
008 - FIXED-LENGTH DATA ELEMENTS--GENERAL INFORMATION
fixed length control field 151024b xxu||||| |||| 00| 0 eng d
040 ## - CATALOGING SOURCE
Transcribing agency RUA
082 ## - DEWEY DECIMAL CLASSIFICATION NUMBER
Classification number AVM SUO 2010 B090 Or.1
100 ## - MAIN ENTRY--PERSONAL NAME
9 (RLIN) 2734
Personal name SUON, VISAL.
245 ## - TITLE STATEMENT
Title the study on buffaloraising of farmer at thmeicommune, cheathborei district, kratie province (ការសិក្សាពីការចិញ្ចឹមក្របីជាលក្ខណៈគ្រួសាររបស់កសិករនៅក្នុងឃុំថ្ចី ស្រុកចិត្របុរី ខេត្តក្រចេះ)
260 ## - PUBLICATION, DISTRIBUTION, ETC. (IMPRINT)
Place of publication, distribution, etc. Phnom Penh
Name of publisher, distributor, etc. RUA
Date of publication, distribution, etc. 2010
300 ## - PHYSICAL DESCRIPTION
Extent viii, 44p.
Other physical details ill.
Dimensions 29cm.
942 ## - ADDED ENTRY ELEMENTS (KOHA)
Source of classification or shelving scheme
Koha item type AVM
Holdings
Price effective from Date last seen Permanent Location Not for loan Date acquired Source of classification or shelving scheme Koha item type Barcode Lost status Damaged status Shelving location Withdrawn status Current Location Full call number
2015-10-242015-10-24Library Block B 2015-10-24 AVMRUA019983  B090 Library Block BAVM SUO 2010 B090 Or.1
2015-10-242015-10-24Library Block B 2015-10-24 AVMRUA019106  B090 Library Block BAVM SUO 2010 B090 Or.2
2015-10-242015-10-24Library Block B 2015-10-24 AVMRUA019297  B090 Library Block BAVM SUO 2010 B090 Or.3
2015-10-242015-10-24Library Block B 2015-10-24 AVMRUA019225  B090 Library Block BAVM SUO 2010 B090 Or.4
មជ្ឈមណ្ឌលឯការនៃសាកលវិទ្យាល័យភូមិន្ទកសិកម្មចំការដូង

Powered by Koha